[Event "Gibraltar Challengers A 2020"]
[Site "Caleta"]
[Date "2020.01.24"]
[Round "5.22"]
[White "Niharika Ch"]
[Black "Karlsson, Jorgen"]
[Result "1-0"]
[WhiteElo "1865"]
[BlackElo "2054"]
[Annotator "NA RC"]
[PlyCount "79"]
[EventDate "2020.01.20"]
[EventType "swiss"]
[EventCountry "GGB"]
[SourceTitle "playchess.com"]
[Source "ChessBase"]
[SourceQuality "1"]
[TimeControl "6600+10"]

1. e4 {[%emt 0:00:00]} g6 {[%emt 0:00:00]} 2. d4 {[%emt 0:00:00]} Bg7 {[%emt 0:00:00]} 3. Nf3 {[%emt 0:00:11]} d6 {[%emt 0:00:04]} 4. h3 {[%emt 0:00:10]} Nd7 {[%emt 0:00:34]} 5. Nc3 {[%emt 0:00:11]} a6 {[%emt 0:00:05]} (5... e5 6. Be3 Ngf6 7. Qd2 O-O 8. O-O-O Qe7 9. g4 exd4 10. Nxd4 Nxe4 11. Nxe4 Qxe4 12. Rg1 Nb6 13. Bg2 Qe8 {0-1 (31) Vovk,A (2633)-Gareyev,T (2617) chess.com INT 2017}) 6. a4 {[%emt 0:00:05] B06: Modern Defence} e6 {[%emt 0:00:56]} 7. Be3 {[%emt 0:00:06]} Ne7 {[%emt 0:00:15]} 8. Qd2 {[%emt 0:00:12]} h6 {[%emt 0:00:13]} 9. Bd3 {[%emt 0:02:17]} b6 {[%emt 0:00:35]} 10. O-O {[%emt 0:01:07]} g5 $146 {[%emt 0:04:10]} ({Predecessor:} 10... Bb7 11. Rad1 Kf8 12. Nh2 Kg8 13. f4 f5 14. d5 fxe4 15. Bxe4 Bxc3 16. bxc3 Bxd5 {0-1 (40) Della Morte,G (2392)-Dolezal,C (2386) Buenos Aires 2014}) 11. Nh2 {[%emt 0:00:41]} e5 {[%emt 0:00:19]} 12. dxe5 {[%emt 0:01:07]} dxe5 {[%emt 0:00:24]} 13. Bc4 {[%emt 0:00:57]} O-O {[%emt 0:01:58]} 14. h4 {[%emt 0:04:08]} gxh4 {[%emt 0:01:35]} (14... Nc5 $16 {might work better.}) 15. Bxh6 {[%emt 0:00:49]} Ng6 {[%emt 0:00:32]} 16. Rad1 {[%emt 0:10:14]} (16. Bxg7 Kxg7 17. Rfd1 (17. Ng4 Nf4 $14) 17... Nf4 $16) 16... Qf6 {[%emt 0:18:29]} 17. Bg5 {[%emt 0:00:31]} Qd6 {[%emt 0:01:27]} 18. Qxd6 {[%emt 0:00:41]} cxd6 {[%emt 0:00:05]} 19. Rxd6 {[%emt 0:00:15]} Kh7 {[%emt 0:00:38]} 20. Nf3 {[%emt 0:04:30]} h3 {[%emt 0:01:18]} 21. g3 {[%emt 0:00:41]} Rb8 {[%emt 0:03:27]} 22. Be3 {[%emt 0:00:18]} Bh6 {[%emt 0:02:25]} 23. Bxh6 {[%emt 0:01:52]} Kxh6 {[%emt 0:01:01]} 24. Rfd1 {[%emt 0:00:08]} b5 {[%emt 0:01:12]} 25. axb5 {[%emt 0:00:28]} Nb6 {[%emt 0:00:32]} 26. Nxe5 {[%emt 0:13:59]} Nxc4 {[%emt 0:00:17]} 27. Nxc4 {[%emt 0:00:05]} axb5 {[%emt 0:00:25]} 28. Nb6 {[%emt 0:02:22]} f5 $2 {[%emt 0:05:51]} (28... Re8 {was called for.} 29. Nxc8 b4) 29. Ncd5 {[%emt 0:03:07]} Kg7 {[%emt 0:06:03]} 30. Nxc8 {[%emt 0:03:05]} Rbxc8 {[%emt 0:00:09]} 31. exf5 {[%emt 0:09:03]} Rxf5 {[%emt 0:01:02]} 32. Rxg6+ {[%emt 0:00:21]} Kxg6 {[%emt 0:00:14]} 33. Ne7+ {[%emt 0:00:06] Double Attack} Kg5 {[%emt 0:00:25]} 34. Nxc8 {[%emt 0:00:08]} Rc5 {[%emt 0:00:12]} 35. c3 {[%emt 0:03:43]} Rxc8 {[%emt 0:00:06]} 36. Rd5+ {[%emt 0:00:04]} Kg4 {[%emt 0:01:22]} 37. Rxb5 {[%emt 0:00:06]} Ra8 {[%emt 0:03:18]} 38. Kh2 {[%emt 0:00:33]} Ra2 {[%emt 0:00:54]} 39. Rb4+ $18 {[%emt 0:00:33]} Kf3 {[%emt 0:00:11]} 40. Rf4+ {[%emt 0:00:32]} 1-0

[Event "Gibraltar Challengers A 2020"]
[Site "Caleta"]
[Date "2020.01.24"]
[Round "5.23"]
[White "Erdogan, Hassan"]
[Black "Martinez Lopez, Jaume"]
[Result "0-1"]
[WhiteElo "1830"]
[BlackElo "2042"]
[Annotator "NA RC"]
[PlyCount "80"]
[EventDate "2020.01.20"]
[EventType "swiss"]
[EventCountry "GGB"]
[SourceTitle "playchess.com"]
[Source "ChessBase"]
[SourceQuality "1"]
[TimeControl "6600+10"]

{[%evp 19,79,0,32767,12,11,32767,32767,32767,32767,32767,32767,32767,32767,32767,32767,32767,-38,-48,-34,-47,-43,-84,-90,-166,-155,-155,32767,-290,-203,32767,-142,-229,-262,-302,-276,-283,32767,32767,-324,-331,-291,-330,32767,32767,-479,-494,-546,32767,32767,-501,32767,-511,-431,-686,-760,-703,-759,-923,-781,-847,-887,-29985]} 1. d4 {[%emt 0:00:00]} d6 {[%emt 0:00:00]} 2. Nf3 {[%emt 0:00:00]} Bg4 {[%emt 0:00:06]} 3. e3 {[%emt 0:00:04]} Nf6 {[%emt 0:00:08]} 4. Bd3 {[%emt 0:03:14]} (4. Be2 Nbd7 5. c4 e5 6. Nc3 c6 7. O-O Be7 8. h3 Bh5 9. b3 O-O 10. Bb2 e4 11. Nh2 Bxe2 12. Qxe2 d5 13. Rac1 a6 14. Ng4 Re8 15. Rc2 Bd6 16. Nxf6+ {½-½ (16) Mamedyarov,S (2817)-Petrosian,T (2598) St Petersburg 2018}) 4... e6 {[%emt 0:00:16]} 5. Nbd2 {[%emt 0:00:21]} Be7 {[%emt 0:00:14]} 6. O-O {[%emt 0:02:37] A41: 1 d4 d6: Tartakower System and Modern Defence} d5 {[%emt 0:07:33]} 7. c3 $146 {[%emt 0:01:41]} ({Predecessor:} 7. c4 c6 8. Qb3 Qc7 9. c5 Nbd7 10. Qc3 b6 11. b4 a5 12. a3 {0-1 (58) Dietzel,U (1739)-Krajewski,W (2131) Berlin 2009}) 7... c5 {[%emt 0:00:15]} 8. b3 {[%emt 0:00:13]} O-O {[%emt 0:00:16]} 9. Qc2 {[%emt 0:04:07]} Bh5 {[%emt 0:00:46]} 10. Ne5 {[%emt 0:01:10]} Nc6 {[%emt 0:00:22]} 11. Nxc6 {[%emt 0:17:58]} bxc6 {[%emt 0:00:25]} 12. Bb2 {[%emt 0:04:29]} a5 {[%emt 0:21:49]} 13. c4 {[%emt 0:00:48]} cxd4 {[%emt 0:00:25]} 14. Bxd4 {[%emt 0:09:37]} Bg6 {[%emt 0:00:54]} 15. Bxg6 {[%emt 0:03:09]} hxg6 {[%emt 0:00:04]} 16. c5 {[%emt 0:21:11]} Nd7 {[%emt 0:01:04]} 17. f4 {[%emt 0:00:44]} Bf6 {[%emt 0:20:00]} 18. a3 {[%emt 0:00:39]} Qc7 {[%emt 0:02:34]} 19. Bxf6 {[%emt 0:12:22]} gxf6 {[%emt 0:00:35]} 20. e4 {[%emt 0:01:36]} Rfb8 {[%emt 0:02:39]} 21. Rf3 {[%emt 0:08:24]} (21. a4 $17) 21... Rb5 {[%emt 0:04:10]} 22. Rc3 {[%emt 0:00:01]} Qxf4 {[%emt 0:00:27]} 23. exd5 {[%emt 0:00:50]} (23. Rf1 $142 Qh6 24. exd5 exd5 25. Re1) 23... exd5 {[%emt 0:00:18]} 24. Nf3 {[%emt 0:01:04]} Re8 {[%emt 0:15:00] Decoy} 25. g3 {[%emt 0:03:13]} (25. Qc1 $142 Qxc1+ 26. Raxc1) 25... Qg4 {[%emt 0:02:50]} 26. Qf2 {[%emt 0:00:16]} Re4 {[%emt 0:02:18]} 27. Rd1 {[%emt 0:01:11]} d4 {[%emt 0:01:34]} 28. Rcd3 {[%emt 0:00:19]} Nxc5 {[%emt 0:00:31]} 29. Rxd4 {[%emt 0:00:14]} Nxb3 {[%emt 0:02:29]} 30. Rd8+ {[%emt 0:02:19]} Kg7 {[%emt 0:00:10]} 31. Ra8 {[%emt 0:00:07]} Rd5 {[%emt 0:00:42]} (31... Rf5 $142 32. h3 Qxf3 33. Qxf3 Rxf3) 32. Rxd5 {[%emt 0:00:38]} (32. Rf1 {was the only defense.}) 32... cxd5 {[%emt 0:00:02]} 33. Ra6 {[%emt 0:01:10]} Re6 {[%emt 0:01:42]} 34. Rxe6 {[%emt 0:00:13]} Qxe6 {[%emt 0:00:10]} 35. Kg2 {[%emt 0:01:02]} Qe4 {[%emt 0:00:41]} 36. h3 {[%emt 0:01:20]} d4 {[%emt 0:00:39]} 37. Kh2 {[%emt 0:00:26]} d3 {[%emt 0:00:18]} 38. g4 {[%emt 0:00:01]} Qf4+ {[%emt 0:03:03]} 39. Kg1 $19 {[%emt 0:00:37]} d2 {[%emt 0:00:10]} 40. Qe2 {[%emt 0:00:13]} Qg3+ {[%emt 0:01:08]} 0-1

[Event "Gibraltar Challengers A 2020"]
[Site "Caleta"]
[Date "2020.01.24"]
[Round "5.24"]
[White "Lung, Liviu-Catalin"]
[Black "Hng, Mei-Xian Eunice"]
[Result "1-0"]
[WhiteElo "2041"]
[BlackElo "1661"]
[Annotator "NA RC"]
[PlyCount "36"]
[EventDate "2020.01.20"]
[EventType "swiss"]
[EventCountry "GGB"]
[SourceTitle "playchess.com"]
[Source "ChessBase"]
[SourceQuality "1"]
[TimeControl "6600+10"]

1. e4 {[%emt 0:00:00]} c5 {[%emt 0:00:00]} 2. Nf3 {[%emt 0:00:09]} e6 {[%emt 0:00:05]} 3. d4 {[%emt 0:00:26]} cxd4 {[%emt 0:00:10]} 4. Nxd4 {[%emt 0:00:06]} a6 {[%emt 0:00:11]} 5. Nc3 {[%emt 0:00:48]} Qc7 {[%emt 0:00:28]} 6. g3 {[%emt 0:00:21]} Nf6 {[%emt 0:02:19]} 7. Bg2 {[%emt 0:00:21]} Be7 {[%emt 0:02:01]} 8. O-O {[%emt 0:00:21]} O-O {[%emt 0:01:11]} 9. g4 {[%emt 0:03:07]} h6 {[%emt 0:04:14]} 10. h4 {[%emt 0:04:55]} d5 {[%emt 0:14:02]} 11. exd5 {[%emt 0:10:06]} exd5 {[%emt 0:06:46]} 12. g5 {[%emt 0:00:55]} Ng4 {[%emt 0:03:46]} 13. Nf3 {[%emt 0:00:36]} Be6 {[%emt 0:07:57]} 14. Nxd5 {[%emt 0:03:39]} Bxd5 {[%emt 0:02:16]} 15. Qxd5 {[%emt 0:00:11]} Qxc2 {[%emt 0:00:52]} 16. Ne5 {[%emt 0:06:20]} Nxf2 {[%emt 0:08:44]} 17. Be3 {[%emt 0:15:05]} Nd3 {[%emt 0:09:20]} 18. Nxd3 $18 {[%emt 0:04:14]} (18. Rxf7 $142 Nxe5 19. Rxf8+ Kxf8 20. Rf1+ Ke8 21. Qg8+ {[%mdl 64] Double Attack} Kd7 22. Bh3+ Kc6 23. Qc8+ Kb5 24. Qxb7+ Ka4 25. Qxe7) 18... Qc4 {[%emt 0:00:38]} 1-0

[Event "Gibraltar Challengers A 2020"]
[Site "Caleta"]
[Date "2020.01.24"]
[Round "5.25"]
[White "Patola, Eero"]
[Black "Godoy Olazabal, Artur"]
[Result "0-1"]
[WhiteElo "1831"]
[BlackElo "2154"]
[Annotator "TA"]
[PlyCount "72"]
[EventDate "2020.01.20"]
[EventType "swiss"]
[EventCountry "GGB"]
[SourceTitle "playchess.com"]
[Source "ChessBase"]
[SourceQuality "1"]

{[%evp 11,72,33,30,18,37,32,45,-65,-64,-56,-55,-77,-78,-67,-42,-92,-93,-85,-77,-180,-104,-217,-200,-218,-210,-216,-209,-210,-205,-400,-409,-396,-322,-304,-303,-372,-285,-368,-365,-520,-488,-641,-449,-472,-457,-460,-466,-471,-456,-462,-445,-640,-640,-715,-715,-704,-670,-677,-660,-933,-752,-706,-694]} 1. c4 f5 2. d4 g6 3. g3 Nf6 4. Bg2 Bg7 5. Nc3 d6 6. Nh3 O-O 7. Bg5 {A86: Dutch Defence: Leningrad System: Unusual lines and 5 Nh3} (7. O-O c6 8. d5 Qe8 9. Nf4 Na6 10. Rb1 Nc5 11. b4 Nce4 12. Bb2 e5 13. dxe6 Bxe6 14. Nxe4 fxe4 15. Nxe6 Qxe6 16. Qb3 Rf7 17. Rbd1 Raf8 18. e3 {½-½ (49) Panchanathan,M (2494)-Swiercz,D (2670) Greensboro 2019}) 7... c6 8. Qd2 Re8 9. Nf4 $146 (9. O-O $14) ({Predecessor:} 9. O-O Qc7 10. Rac1 e5 11. d5 Bd7 12. Rcd1 Rd8 13. Rfe1 Qc8 14. e4 fxe4 15. Bxf6 Bxf6 16. Nxe4 {0-1 (32) Papadoulis,G-Karagiannis,T Kallithea 2009}) 9... e5 $15 10. dxe5 dxe5 11. Qxd8 Rxd8 12. Nd3 h6 13. Bd2 e4 $1 {[%cal Re4d3]} 14. Ne5 Kh7 15. h3 (15. O-O-O $17) 15... Be6 ({Black should try} 15... Ne8 $1 $19 16. f4 exf3 17. Nxf3 Nd6) 16. b3 (16. g4 $17) 16... Nh5 $19 17. g4 {[#]} e3 $1 {[%cal Re3d2][%mdl 64] Deflection} (17... Bxe5 18. gxh5 gxh5 19. h4 $17) 18. fxe3 {[#]} Ng3 $1 {[%cal Rg3h1]} (18... Bxe5 19. gxh5 gxh5 20. O-O-O $11) 19. gxf5 Bxf5 ({But not} 19... Bxe5 20. fxe6 Nxh1 21. Bxh1 $17) (19... gxf5 20. Nd3 $17) 20. Nxc6 $2 (20. Nd3 {keeps fighting.}) 20... Nxc6 ({Less strong is} 20... bxc6 21. Rg1 $19) 21. Rg1 {[#]} Ne4 $1 {[%mdl 512]} 22. Bxe4 (22. Nxe4 Bxa1) 22... Bxe4 {[%mdl 64] Pin} 23. Rc1 Re8 24. Nd5 Rad8 25. Nf4 (25. Rf1 {might work better.} Rf8 26. Bc3) 25... g5 {Black is clearly winning.} 26. Nh5 Be5 27. Bc3 Bg6 28. Nf6+ Bxf6 $1 {[%mdl 64] Discovered Attack} 29. Bxf6 Rd6 30. Rf1 Rxe3 31. h4 (31. Rd1 $142 Rxd1+ 32. Kxd1) 31... g4 32. Rd1 Rxd1+ 33. Kxd1 g3 34. Rg1 Bh5 35. Rg2 Kg6 36. Kd2 {[#]} Rxe2+ $1 {[%mdl 512] Accuracy: White = 21%, Black = 65%.} 0-1

[Event "Gibraltar Challengers A 2020"]
[Site "Caleta"]
[Date "2020.01.24"]
[Round "5.26"]
[White "Huguet, Sergio"]
[Black "Burke, Mitchell R"]
[Result "0-1"]
[WhiteElo "2055"]
[BlackElo "2001"]
[Annotator "NA RC"]
[PlyCount "110"]
[EventDate "2020.01.20"]
[EventType "swiss"]
[EventCountry "GGB"]
[SourceTitle "playchess.com"]
[Source "ChessBase"]
[SourceQuality "1"]
[TimeControl "6600+10"]

1. c4 {[%emt 0:00:00]} g6 {[%emt 0:00:13]} 2. g3 {[%emt 0:00:01]} Bg7 {[%emt 0:00:03]} 3. Bg2 {[%emt 0:00:11]} d6 {[%emt 0:00:05]} 4. Nc3 {[%emt 0:00:26]} e5 {[%emt 0:00:18]} 5. e4 {[%emt 0:00:35]} Ne7 {[%emt 0:00:22]} 6. Nge2 {[%emt 0:01:25]} O-O {[%emt 0:00:07]} 7. O-O {[%emt 0:00:22]} Nd7 {[%emt 0:00:16]} 8. d3 {[%emt 0:01:42]} f5 {[%emt 0:00:09] A21: English Opening: 1...e5 2 Nc3} 9. b4 {[%emt 0:03:50]} (9. Be3 Nf6 10. h3 Be6 11. Nd5 c6 12. Nxf6+ Rxf6 13. b3 Rf7 14. Qd2 d5 15. exd5 cxd5 16. Bg5 {½-½ (46) Gurevich,M (2633)-Milov,V (2638) Bastia 2006}) 9... Nf6 {[%emt 0:00:45]} ({Better is} 9... a5 $15 10. b5 Nc5) 10. f3 $146 {[%emt 0:03:12]} ({Predecessor:} 10. Rb1 Nh5 11. exf5 gxf5 12. f4 exf4 13. gxf4 Ng6 14. d4 {1-0 (26) Turek,M-Dziadon,P Werynia 1997}) 10... c6 {[%emt 0:00:43]} 11. Bg5 {[%emt 0:08:28]} Qb6+ {[%emt 0:04:57]} 12. Kh1 {[%emt 0:05:40]} Qxb4 {[%emt 0:00:39]} 13. Rb1 {[%emt 0:01:32]} Qa5 {[%emt 0:00:06]} 14. Qd2 {[%emt 0:04:13]} Qc7 {[%emt 0:00:41]} 15. d4 {[%emt 0:03:21]} fxe4 {[%emt 0:08:36]} 16. fxe4 {[%emt 0:01:22]} Bg4 {[%emt 0:04:38]} 17. d5 {[%emt 0:01:21]} a6 {[%emt 0:02:09]} 18. h3 {[%emt 0:04:12]} Bxe2 {[%emt 0:00:24]} 19. Nxe2 {[%emt 0:00:51]} Rac8 {[%emt 0:03:50]} 20. Qb4 {[%emt 0:12:12]} cxd5 {[%emt 0:04:17]} 21. cxd5 {[%emt 0:03:37]} b5 {[%emt 0:00:32]} 22. Rbc1 {[%emt 0:02:33]} Qd7 {[%emt 0:04:20]} 23. Qa5 {[%emt 0:11:52]} Qb7 {[%emt 0:00:55]} 24. Rxc8 {[%emt 0:02:07]} Nxc8 {[%emt 0:00:33]} 25. Rc1 {[%emt 0:00:55]} Nd7 {[%emt 0:11:03]} 26. Rc7 {[%emt 0:12:40]} Qb6 {[%emt 0:00:10]} 27. Qc3 {[%emt 0:00:52]} Nc5 {[%emt 0:00:35]} 28. Rc6 {[%emt 0:01:03]} b4 {[%emt 0:07:20]} 29. Qc4 {[%emt 0:05:18]} Qb5 {[%emt 0:00:50]} 30. Qxb5 {[%emt 0:00:40]} axb5 {[%emt 0:00:00]} 31. Be3 {[%emt 0:01:53]} b3 {[%emt 0:03:49]} 32. axb3 {[%emt 0:00:36]} Nxb3 {[%emt 0:00:09]} 33. h4 {[%emt 0:03:47]} Nd4 {[%emt 0:00:40]} 34. Nxd4 {[%emt 0:02:04]} exd4 {[%emt 0:00:01]} 35. Bf4 {[%emt 0:01:03]} Be5 {[%emt 0:06:28]} 36. Bh6 {[%emt 0:01:47]} Re8 {[%emt 0:04:55]} 37. Bh3 {[%emt 0:00:09]} Ne7 {[%emt 0:00:09]} 38. Rc7 {[%emt 0:00:29] [#]} Kh8 $1 {[%emt 0:00:48]} ({But not} 38... Bxg3 $2 39. Bd7 $18) 39. Bd7 {[%emt 0:02:31]} Rb8 {[%emt 0:01:05]} 40. Bf4 {[%emt 0:03:00]} Bxf4 41. gxf4 {[%emt 0:00:02]} b4 {[%emt 0:01:59]} 42. Ba4 $2 {[%emt 0:00:23]} (42. Kg2 {was necessary.} b3 43. Rc1) 42... b3 {[%emt 0:01:59]} 43. Rc1 {[%emt 0:02:27]} d3 {[%emt 0:05:34]} 44. Kg2 {[%emt 0:00:20]} Rb4 {[%emt 0:01:29]} 45. Bd7 {[%emt 0:00:14]} h5 {[%emt 0:00:49]} 46. Kf3 {[%emt 0:00:02]} d2 {[%emt 0:04:18]} 47. Rb1 {[%emt 0:00:04]} Rd4 {[%emt 0:00:49]} 48. Ke2 {[%emt 0:00:10]} b2 $19 {[%emt 0:01:39] Promotion} 49. Kd1 {[%emt 0:00:10]} Rxe4 {[%emt 0:00:55]} 50. Rxb2 {[%emt 0:00:03]} Nxd5 {[%emt 0:02:46]} 51. Rxd2 {[%emt 0:00:25]} Ne3+ {[%emt 0:01:14]} 52. Kc1 {[%emt 0:00:11]} d5 {[%emt 0:00:05]} 53. Kb1 {[%emt 0:00:12]} Rxf4 {[%emt 0:00:33]} 54. Bc6 {[%emt 0:00:13]} d4 {[%emt 0:01:42]} 55. Rh2 {[%emt 0:00:05]} Nf5 {[%emt 0:00:15]} 0-1

[Event "Gibraltar Challengers A 2020"]
[Site "Caleta"]
[Date "2020.01.24"]
[Round "5.27"]
[White "Bujakevich, Aleksandr"]
[Black "Garcia-Blazquez Perez, Manuel"]
[Result "1-0"]
[WhiteElo "2014"]
[BlackElo "1825"]
[Annotator "NA RC"]
[PlyCount "93"]
[EventDate "2020.01.20"]
[EventType "swiss"]
[EventCountry "GGB"]
[SourceTitle "playchess.com"]
[Source "ChessBase"]
[SourceQuality "1"]
[TimeControl "6600+10"]

{[%evp 16,93,-12,0,-21,-29,32767,-62,0,0,57,47,77,84,68,67,89,32767,32767,32767,32767,32767,32767,32767,32767,32767,32767,32767,32767,32767,32767,32767,32767,32767,32767,32767,32767,32767,32767,32767,32767,32767,32767,32767,32767,32767,32767,32767,32767,32767,32767,32767,32767,136,32767,183,169,150,163,195,159,277,326,397,558,607,508,965,533,683,1162,878,5110,29979,29983,29984,29982,29985,29985,29986]} 1. e4 {[%emt 0:04:08]} c5 {[%emt 0:00:00]} 2. c3 {[%emt 0:00:10]} d5 {[%emt 0:00:11]} 3. exd5 {[%emt 0:00:27]} Qxd5 {[%emt 0:00:06]} 4. d4 {[%emt 0:00:17]} cxd4 {[%emt 0:00:06]} 5. cxd4 {[%emt 0:00:20]} e5 {[%emt 0:00:16]} 6. dxe5 {[%emt 0:04:16]} Qxd1+ {[%emt 0:00:05] B22: Sicilian: 2 c3} 7. Kxd1 {[%emt 0:00:05]} Nc6 {[%emt 0:00:05]} 8. Bb5 {[%emt 0:05:16]} (8. Nf3 Bg4 9. Be2 O-O-O+ 10. Bd2 Bxf3 11. gxf3 Nxe5 12. Kc2 Bc5 13. Be3 Bxe3 14. fxe3 Ne7 15. f4 N5c6 16. Nc3 Nb4+ 17. Kb3 Nbd5 18. Bg4+ Kb8 19. Rhe1 f5 20. Bf3 Nxc3 21. Kxc3 Rd6 {½-½ (21) Jerez Perez,A (2397)-Munoz Pantoja,M (2452) Mollet del Valles 2016}) 8... Bg4+ {[%emt 0:07:37]} 9. f3 {[%emt 0:02:17]} O-O-O+ {[%emt 0:00:06]} 10. Bd2 {[%emt 0:00:38]} Nd4 {[%emt 0:00:27]} 11. Bc4 $146 {[%emt 0:02:35]} ({White should play} 11. fxg4 $14 Nxb5 12. Nf3) ({Predecessor:} 11. Nc3 Be6 12. Nge2 Nf5 13. Nf4 Bc5 14. Nxe6 fxe6 {0-1 (26) Wurzer,G (1845)-Pilz,D (2250) Wattens 1997}) 11... Be6 {[%emt 0:00:18]} ({Better is} 11... Bf5 $1 $15 12. Na3 Kb8) 12. Bxe6+ {[%emt 0:01:02]} fxe6 {[%emt 0:00:27]} (12... Nxe6 $11 13. Ne2 Ne7) 13. Nc3 {[%emt 0:01:38]} Ne7 {[%emt 0:00:33]} 14. Nge2 {[%emt 0:04:37]} Nec6 {[%emt 0:00:09]} 15. Nxd4 {[%emt 0:01:47]} Rxd4 {[%emt 0:00:56]} 16. Re1 {[%emt 0:07:30]} Be7 {[%emt 0:07:53]} 17. f4 {[%emt 0:04:01]} Rhd8 {[%emt 0:00:05]} 18. Re2 {[%emt 0:07:38]} Rxf4 {[%emt 0:00:10]} 19. Rc1 {[%emt 0:06:50]} Rf1+ {[%emt 0:02:29]} 20. Re1 {[%emt 0:00:13]} Rxe1+ {[%emt 0:00:06]} 21. Kxe1 {[%emt 0:00:04]} Kd7 {[%emt 0:00:45]} 22. Bf4 {[%emt 0:01:41]} g5 {[%emt 0:00:34]} 23. Rd1+ {[%emt 0:06:03]} Ke8 {[%emt 0:00:09]} 24. Rxd8+ {[%emt 0:00:16]} Bxd8 {[%emt 0:00:17]} 25. Bg3 {[%emt 0:00:33]} Bc7 {[%emt 0:05:10]} 26. Ne4 {[%emt 0:00:22]} Kf7 {[%emt 0:02:09]} 27. Nxg5+ {[%emt 0:00:40]} Kg6 {[%emt 0:02:59]} 28. Nxe6 {[%emt 0:00:11]} Bxe5 {[%emt 0:00:13]} 29. Bxe5 {[%emt 0:00:59]} Nxe5 {[%emt 0:00:03]} 30. Ke2 {[%emt 0:03:37]} Kf5 {[%emt 0:00:20]} 31. Nc5 {[%emt 0:04:04]} b6 {[%emt 0:00:25]} 32. Nd3 {[%emt 0:00:41]} Ng4 {[%emt 0:01:21]} 33. h3 {[%emt 0:00:37]} Nf6 {[%emt 0:00:07]} 34. Kf3 {[%emt 0:00:47]} h5 {[%emt 0:00:13]} 35. g3 {[%emt 0:01:28]} a5 {[%emt 0:01:00]} 36. Nf4 {[%emt 0:01:30]} Ke5 {[%emt 0:02:24]} 37. Ke3 {[%emt 0:03:25]} b5 {[%emt 0:02:12]} 38. a3 {[%emt 0:04:47]} a4 {[%emt 0:00:26] [#]} 39. Kd3 $1 {[%emt 0:00:44]} Kf5 {[%emt 0:00:39] [#]} 40. Nxh5 $1 {[%emt 0:00:32]} Ne4 {[%emt 0:00:24]} 41. Kd4 {[%emt 0:02:21]} Nf2 {[%emt 0:00:34]} 42. Nf4 {[%emt 0:02:06]} Nd1 {[%emt 0:00:10]} 43. Nd3 {[%emt 0:02:25]} b4 {[%emt 0:02:17]} 44. axb4 {[%emt 0:01:09]} Nxb2 {[%emt 0:00:07]} 45. Nxb2 {[%emt 0:00:20]} a3 {[%emt 0:00:06]} 46. Nc4 {[%emt 0:00:07]} a2 {[%emt 0:00:05]} 47. Ne3+ {[%emt 0:00:05]} 1-0